Loading...
| Literature - British | 0 | 3 | 1 | 0 | 25 | 46 | 82.33 | 1 | 1 | 12.16 | 20.98 |
| Social Science | 0 | 2 | 0 | 1 | 20 | 87 | 97.00 | 0 | 1 | 2.66 | 8.33 |
| Mythology | 0 | 2 | 0 | 0 | 20 | 60 | 63.00 | 0 | 2 | 9.69 | 15.15 |
| Popular Culture | 0 | 2 | 0 | 0 | 20 | 63 | 79.50 | 0 | 0 | 21.10 | 25.00 |
| Religion | 0 | 2 | 0 | 0 | 20 | 74 | 76.50 | 0 | 1 | 6.59 | 10.96 |
| Fine Arts - Classical Music | 0 | 2 | 0 | 0 | 20 | 84 | 103.50 | 0 | 0 | 2.41 | 7.87 |
| Fine Arts - Other | 0 | 1 | 0 | 0 | 10 | 105 | 105.00 | 0 | 1 | 0.86 | 6.06 |
| Literature - European | 0 | 1 | 0 | 0 | 10 | 124 | 124.00 | 0 | 0 | 0.28 | 3.03 |
| Philosophy | 0 | 1 | 0 | 1 | 10 | 127 | 127.00 | 0 | 0 | 0.00 | 0.70 |
| History - European | 0 | 1 | 0 | 0 | 10 | 60 | 60.00 | 0 | 0 | 4.83 | 5.59 |
| History - Other | 0 | 1 | 0 | 1 | 10 | 135 | 135.00 | 0 | 0 | 0.00 | 1.40 |
| History - World | 0 | 1 | 0 | 0 | 10 | 49 | 49.00 | 0 | 0 | 5.28 | 6.29 |
| Science - Biology | 0 | 1 | 1 | 1 | 5 | 106 | 106.00 | 0 | 0 | 0.00 | 0.76 |
| Science - Physics | 0 | 0 | 0 | 0 | 0 | 0.00 | 0 | 0 | 0.00 | 0.00 | |
| History - American | 0 | 0 | 0 | 0 | 0 | 0.00 | 0 | 0 | 0.00 | 0.00 | |
| Other Academic | 0 | 0 | 1 | 0 | -5 | 0.00 | 0 | 0 | 0.00 | 0.00 |